Villes en musique - Statistiques

Statistiques générales
  • Ce quiz a été pris 761 fois
  • Le résultat moyen est 5 sur 19
Réponses sur la Carte
Les réponses sont colorées sur une échelle allant du rouge au vert en fonction du pourcentage des utilisateurs qui les ont devinées à leur premier essai. Vous pouvez retrouver ces pourcentages ci-dessous.
 
Statistiques - réponses
Interprète Chanson % Correct
Claude Nougaro Toulouse
59%
Maxime le Forestier San Francisco
53%
Renaud et Axelle Red Manhattan Kaboul
50%
Claude François Alexandrie, Alexandra
44%
Téléphone New York avec toi
41%
Véronique Sanson Vancouver
32%
Barbara Nantes
30%
Jacques Brel Vesoul
30%
Étienne Daho Week end à Rome
30%
Hervé Vilard Capri c'est fini
20%
Luis Marino Mexico
19%
Eddy Mitchell Sur la route de Memphis
19%
Indochine Belfast
17%
Bandolero Paris Latino
11%
Ringo & Sheila Les gondoles à Venise
9%
Compagnie Créole Bons baisers de Fort-de-France
8%
George Brassens Supplique pour être enterré à la plage de Sète
2%
Patrick Bruel Mon amant de Saint-Jean
1%
Enrico Macias Solenzara
0%
Aucun quiz correspondant
Distribution des résultats
% des personnes avec chaque résultat
Percentile par nombre de réponses
Votre historique - résultats
Vous n’avez pas pris ce quiz